| 000 | 00538nam a2200205 a 4500 | ||
|---|---|---|---|
| 001 | 0274 | ||
| 005 | 20140414131912.0 | ||
| 008 | 040902s19uu xx 00 eng d | ||
| 020 | _a0330-40033-9 | ||
| 050 |
_aER _bD54 2001 |
||
| 100 | _aCornwell, Allan | ||
| 245 |
_aDigger bone / _cAllan Cornwell ; illustrated by JM Artworks. |
||
| 260 |
_aAustralia : _bPancake Press, _c2001. |
||
| 300 | _ap. ; cm. | ||
| 440 | _aBonehead | ||
| 650 |
_aDogs _xFiction. |
||
| 650 |
_aAdventures _xFiction. |
||
| 999 |
_c111248 _d111248 |
||